• 首页
  • 本馆介绍
  • 公告通知
  • 最新文献
  • 馆藏检索
  • 电子资源
  • 读者导购
  • 参考咨询
  • 我的图书馆
  • 登录
  • 详细信息显示
  • 放入我的书架
  • 预约/预借图书
  • 作者相关作品
  • 分类相关作品
  • 丛书相关作品
  • 出版社相关作品

书目信息

  • 表格格式
  • 工作单格式
  • 卡片格式
题名:
中国名校优秀设计大系
    
 
作者: 本社编
分册:   环境艺术卷
出版信息: 福州   福建美术出版社  2005
页数: 118页
开本: 29cm
丛书名:
单 册:
中图分类: J121 , TU-856
科图分类:
主题词: 工艺美术--设计--中国--现代--图集 , 艺术--中国 , 建筑设计 , 建筑设计--环境设计--中国--现代--图集 , 环境设计 , 中国艺术节
电子资源:
ISBN: 7-5393-1504-0
000 00986nam0 2200289 450
001 0709000034
005 20070601082113.79
010    @a7-5393-1504-0@dCNY48.00
100    @a20051122d2005 em y0chiy0110 ea
101 0  @achi
102    @aCN@b350000
105    @aa z 000yy
200 1  @a中国名校优秀设计大系@Azhong guo ming xiao you xiu she ji da xi@f本社编@Fben she bian@i环境艺术卷
210    @a福州@c福建美术出版社@d2005
215    @a118页@c图@d29cm
304    @a英文共同题名:Excellent design by famous art college
330    @a本书收入的作品有:“泉野仙居”生态住宅小区总体规划设计、广元国际大酒店外观设计、四川省南部红岩子广场设计、家--生活方式、民风情韵--怡园等。
606 0  @a工艺美术@x设计@y中国@z现代@j图集
606 0  @a艺术@x中国
606 0  @a建筑设计
606 0  @a建筑设计@x环境设计@y中国@z现代@j图集
606 0  @a环境设计
606 0  @a中国艺术节
690    @aJ121@v4
690    @aTU-856@v4
801  0 @aCN@bTAOJIN@c20070601
905    @a10447@dJ121@e75
    
    中国名校优秀设计大系/本社编.环境艺术卷.-福州:福建美术出版社,2005
    118页:图;29cm
    
    
    ISBN 7-5393-1504-0:CNY48.00
    本书收入的作品有:“泉野仙居”生态住宅小区总体规划设计、广元国际大酒店外观设计、四川省南部红岩子广场设计、家--生活方式、民风情韵--怡园等。
●
相关链接 在E读中查询图书 在五车中查询图书 在当当中查询图书 在豆瓣中查询图书


正题名:中国名校优秀设计大系     索取号:J121/75         预约/预借

序号 登录号 条形码 馆藏地/架位号 状态 备注
1 0523788   205237885   第一样本阅览室/ [索取号:J121/75] 在馆    
2 0523789   205237894   第一借阅区/ [索取号:J121/75] 在馆    
3 0523790   205237901   第一借阅区/ [索取号:J121/75] 在馆    
唐山师范学院图书馆 欢迎您!
大连网信软件有限公司© 版权所有